| 000 | 00523nam a22001812 4500 | ||
|---|---|---|---|
| 001 | 0000000963 | ||
| 005 | 20151217155806.0 | ||
| 008 | 070222s xx 000 0 eng d | ||
| 040 |
_aKABU _cKABU |
||
| 050 | 0 |
_aDT351 _b.B53 |
|
| 245 | 1 | 0 |
_aBlack Africa : _bits people and their cultures today / _ced. by John Middleton. |
| 260 |
_aLondon : _bMacmillan, _c1970. |
||
| 300 | _a457 p. | ||
| 700 | 1 |
_aMiddleton, John. _@0000149418 |
|
| 908 | _a070222 | ||
| 950 | _@1 | ||
| 999 |
_c12466 _d12466 |
||